<?xml version="1.0" encoding="UTF-8"?>
<record
    xmlns:xsi="http://www.w3.org/2001/XMLSchema-instance"
    xsi:schemaLocation="http://www.loc.gov/MARC21/slim http://www.loc.gov/standards/marcxml/schema/MARC21slim.xsd"
    xmlns="http://www.loc.gov/MARC21/slim">

  <leader>00842nam a2200217 i 4500</leader>
  <controlfield tag="001">62677</controlfield>
  <controlfield tag="003">ES-MaACL</controlfield>
  <controlfield tag="005">20230906164718.0</controlfield>
  <controlfield tag="007">t|</controlfield>
  <controlfield tag="008">031124s1963    sp           |||| | spa d</controlfield>
  <datafield tag="100" ind1="1" ind2=" ">
    <subfield code="a">Fern&#xE1;ndez Avello, Manuel.</subfield>
    <subfield code="9">49490</subfield>
  </datafield>
  <datafield tag="245" ind1="1" ind2="0">
    <subfield code="a">Algo sobre Clar&#xED;n y sus paliques / </subfield>
    <subfield code="c">Manuel Fern&#xE1;ndez Avello, discurso le&#xED;do... en el acto de su solemne recepci&#xF3;n acad&#xE9;mica... contestaci&#xF3;n de Antonio Garc&#xED;a Oliveros.</subfield>
  </datafield>
  <datafield tag="260" ind1=" " ind2=" ">
    <subfield code="a">Oviedo : </subfield>
    <subfield code="b">[s.n., </subfield>
    <subfield code="c">1963] (</subfield>
    <subfield code="f">"La Cruz")</subfield>
  </datafield>
  <datafield tag="300" ind1=" " ind2=" ">
    <subfield code="a">40 p. ; </subfield>
    <subfield code="c">25 cm.</subfield>
  </datafield>
  <datafield tag="500" ind1=" " ind2=" ">
    <subfield code="a">Precede al t&#xED;t.: Diputaci&#xF3;n de Asturias, Instituto de Estudios Asturianos.</subfield>
  </datafield>
  <datafield tag="600" ind1="1" ind2="4">
    <subfield code="a">Alas, Leopoldo</subfield>
    <subfield code="d">1852-1901</subfield>
    <subfield code="9">226375</subfield>
  </datafield>
  <datafield tag="700" ind1="1" ind2=" ">
    <subfield code="a">Garc&#xED;a Oliveros, Antonio.</subfield>
    <subfield code="9">55046</subfield>
  </datafield>
  <datafield tag="710" ind1="2" ind2=" ">
    <subfield code="a">Instituto de Estudios Asturianos.</subfield>
    <subfield code="9">4889</subfield>
  </datafield>
  <datafield tag="852" ind1=" " ind2=" ">
    <subfield code="a">ES-MaACL</subfield>
    <subfield code="j">2031-F-3</subfield>
  </datafield>
  <datafield tag="999" ind1=" " ind2=" ">
    <subfield code="c">62677</subfield>
    <subfield code="d">62677</subfield>
  </datafield>
  <datafield tag="952" ind1=" " ind2=" ">
    <subfield code="0">0</subfield>
    <subfield code="1">0</subfield>
    <subfield code="4">0</subfield>
    <subfield code="7">0</subfield>
    <subfield code="8">Colecci&#xF3;n_de_folletos</subfield>
    <subfield code="a">ATENEOM</subfield>
    <subfield code="b">ATENEOM</subfield>
    <subfield code="c">DEPOF</subfield>
    <subfield code="d">2008-01-17</subfield>
    <subfield code="e">SC</subfield>
    <subfield code="l">0</subfield>
    <subfield code="o">2031-F-3</subfield>
    <subfield code="p">1065708</subfield>
    <subfield code="r">2023-02-23 00:00:00</subfield>
    <subfield code="w">2023-02-23</subfield>
    <subfield code="y">FOLLETOS</subfield>
  </datafield>
</record>
